00503nam a2200145Ia 4500003000900000008004100009020002600050040001600076100002500092245005200117260003200169300002000201490003300221856010300254IN-BaIIA211028s9999 xx s 000 0 eng d a9780819418210 (Print) cIIA Library aMasten, Michael, ed. 0aAcquisition, Tracking, and Pointing IXh[eBook] aWashington, USAbSPIEc1995 aOnline resource aProceedings of SPIE; V. 2468 uhttps://www.spiedigitallibrary.org/conference-proceedings-of-spie/2468yClick Here to Access eBook